书目信息 |
| 题名: |
家庭安全用药必备
|
|
| 作者: | 杜文民 , 王宏敏 主编 | |
| 分册: | ||
| 出版信息: | 上海 上海远东出版社 2004 |
|
| 页数: | 13,174页 | |
| 开本: | 20cm | |
| 丛书名: | ||
| 单 册: | ||
| 中图分类: | R452 , R452 | |
| 科图分类: | ||
| 主题词: | 用药法--基本知识 , 治疗学 , 药物--基本知识 , 用药法 | |
| 电子资源: | ||
| ISBN: | 7-80661-946-1 | |
| 000 | 00944nam0 2200289 450 | |
| 001 | 002747821 | |
| 005 | 20061107103334.46 | |
| 010 | @a7-80661-946-1@dCNY12.00 | |
| 100 | @a20041101d2004 em y0chiy0110 ea | |
| 101 | 0 | @achi |
| 102 | @aCN@b310000 | |
| 105 | @ay z 000yy | |
| 200 | 1 | @a家庭安全用药必备@9jia ting an quan yong yao bi bei@f杜文民,王宏敏主编 |
| 210 | @a上海@c上海远东出版社@d2004 | |
| 215 | @a13,174页@d20cm | |
| 304 | @a上海市药品不良反应检测中心 上海市食品药品监督管理局网站 “杜博士信箱”权威主持 | |
| 330 | @a本书以问答形式,对抗菌用药、抗病毒药、激素类药、生殖用药、感冒发热用药等家庭用药基本知识进行了全面的解答。 | |
| 606 | 0 | @a用药法@x基本知识 |
| 606 | 0 | @a治疗学 |
| 606 | 0 | @a药物@x基本知识 |
| 606 | 0 | @a用药法 |
| 690 | @aR452@v4 | |
| 690 | @aR452@v3 | |
| 701 | 0 | @a杜文民@9du wen min@c(药学)@4主编 |
| 701 | 0 | @a王宏敏@9wang hong min@4主编 |
| 801 | 0 | @aCN@bNLC@c20061107 |
| 905 | @a10447@dR452@e45 | |
| 家庭安全用药必备/杜文民,王宏敏主编.-上海:上海远东出版社,2004 |
| 13,174页;20cm |
| ISBN 7-80661-946-1:CNY12.00 |
| 本书以问答形式,对抗菌用药、抗病毒药、激素类药、生殖用药、感冒发热用药等家庭用药基本知识进行了全面的解答。 |
| ● |
| 相关链接 |
|
|
|
|
正题名:家庭安全用药必备
索取号:R452/45
 
预约/预借
| 序号 | 登录号 | 条形码 | 馆藏地/架位号 | 状态 | 备注 |
| 1 | 0381984 | 203819840 | 第二样本阅览室/ [索取号:R452/45] | 在馆 | |
| 2 | 0381985 | 203819859 | 教育系资料室/ [索取号:R452/45] | 在馆 | |
| 3 | 0381986 | 203819868 | 第三借阅区/ [索取号:R452/45] | 在馆 | |
| 4 | 0381987 | 203819877 | 教育系资料室/ [索取号:R452/45] | 在馆 | |
| 5 | 0381988 | 203819886 | 第三借阅区/ [索取号:R452/45] |
已借出,限还日期为2012.12.13 借出人:赵宏铭 |